LIBRARY & INFORMATION CENTRE, KCAET, TAVANUR

ONLINE PUBLIC ACCESS CATALOGUE (OPAC)

Normal view MARC view
  • GEORGE MATHEW NEERACKAL

Entry Personal Name

Number of records used in: 1

001 - CONTROL NUMBER

  • control field: 3537

003 - CONTROL NUMBER IDENTIFIER

  • control field: OSt

005 - DATE AND TIME OF LATEST TRANSACTION

  • control field: 20181003104019.0

008 - FIXED-LENGTH DATA ELEMENTS

  • fixed length control field: 181003|| aca||aabn | a|a d

040 ## - CATALOGING SOURCE

  • Original cataloging agency: OSt
  • Transcribing agency: OSt

100 ## - HEADING--PERSONAL NAME

  • Personal name: GEORGE MATHEW NEERACKAL

670 ## - SOURCE DATA FOUND

  • Source citation: Work cat.: (OSt)15016: GEORGE MATHEW NEERACKAL JOE JOE L. BOVAS SAREENA K. V, Studies on vegetable oils as fuel in CI engines
free website counter